[Event "UZB-ch (Women)"]
[Site "Tashkent"]
[Date "2024.04.28"]
[Round "17"]
[White "Khamdamova, Afruza"]
[Black "Karimova, Guldona"]
[Result "0-1"]
[WhiteElo "2300"]
[BlackElo "2013"]
[PlyCount "86"]
[EventDate "2024.04.20"]
[EventType "tourn (rapid)"]
[EventRounds "17"]
[EventCountry "UZB"]
[SourceTitle "CB18_2024"]
[SourceDate "2024.05.01"]
[SourceVersion "1"]
[SourceVersionDate "2024.05.01"]
[SourceQuality "2"]

1. e4 c5 2. Nf3 d6 3. d4 cxd4 4. Nxd4 Nf6 5. Nc3 Nc6 6. Bg5 Bd7 7. Qd2 Rc8 8. 0-0-0 Nxd4 9. Qxd4 Qa5 10. Bxf6 gxf6 11. Kb1 Qc5 12. Qd2 h5 13. f4 Bg7 14. Be2 f5 15. e5 Bc6 16. Bf3 dxe5 17. Bxc6+ Qxc6 18. fxe5 Bxe5 19. Nd5 a5 20. Rhe1 f6 21. c3 Kf7 22. Nf4 Rcd8 23. Nd3 Bc7 24. Qf2 e6 25. Rd2 Rd7 26. Red1 Rhd8 27. Qh4 Kg6 28. Kc1 b5 29. a3 Rd5 30. Kc2 Qc4 31. Qe1 Qa4+ 32. Kb1 Qe4 33. Qf1 Bb6 34. Re1 Be3 35. Kc2 f4 36. Rdd1 e5 37. Qe2 Qf5 38. g3 e4 39. Nxf4+ Bxf4 40. Rxd5 Rxd5 41. gxf4 e3+ 42. Kb3 Rd2 43. Rg1+ Kh6 0-1

[Event "UZB-ch (Women)"]
[Site "Tashkent"]
[Date "2024.04.24"]
[Round "9"]
[White "Karimova, Guldona"]
[Black "Yakubbaeva, Nilufar"]
[Result "1/2-1/2"]
[WhiteElo "2013"]
[BlackElo "2293"]
[PlyCount "49"]
[EventDate "2024.04.20"]
[EventType "tourn (rapid)"]
[EventRounds "17"]
[EventCountry "UZB"]
[SourceTitle "CB18_2024"]
[SourceDate "2024.05.01"]
[SourceVersion "1"]
[SourceVersionDate "2024.05.01"]
[SourceQuality "2"]

1. d4 Nf6 2. c4 e6 3. Nc3 d5 4. Bg5 Be7 5. e3 h6 6. Bh4 c6 7. Nf3 Nbd7 8. Rc1 0-0 9. Bd3 Qa5 10. 0-0 dxc4 11. Bxc4 e5 12. dxe5 Nxe5 13. Nxe5 Qxe5 14. Bg3 Qa5 15. h3 Bf5 16. Qe2 b5 17. e4 Bg6 18. Bb3 b4 19. e5 bxc3 20. exf6 Bxf6 21. bxc3 Rad8 22. Qf3 Qc5 23. Bc2 Bxc2 24. Rxc2 Qc4 25. Re1 1/2-1/2

[Event "Wch Blitz (Women)"]
[Site "Samarkand"]
[Date "2023.12.30"]
[Round "12"]
[White "Karimova, Guldona"]
[Black "Khamrakulova, Shakhnoza"]
[Result "1-0"]
[WhiteElo "1914"]
[BlackElo "2086"]
[PlyCount "51"]
[EventDate "2023.12.29"]
[EventType "swiss (blitz)"]
[EventRounds "17"]
[EventCountry "UZB"]
[SourceTitle "CB01_2024"]
[SourceDate "2024.01.03"]
[SourceVersion "1"]
[SourceVersionDate "2024.01.03"]
[SourceQuality "1"]

1. e4 c5 2. Nf3 e6 3. d4 cxd4 4. Nxd4 a6 5. c4 Qc7 6. Nc3 Nc6 7. Nb3 Nf6 8. Be3 Be7 9. f3 0-0 10. Be2 b6 11. 0-0 Bb7 12. Rc1 Rad8 13. Na4 Qe5 14. Bxb6 Rc8 15. Be3 d5 16. cxd5 exd5 17. Nac5 dxe4 18. f4 Qb8 19. Nxa6 Qa8 20. Nac5 Rfd8 21. Qe1 Bxc5 22. Nxc5 Rc7 23. Qf2 Nd5 24. Rfd1 Nxe3 25. Rxd8+ Nxd8 26. Qxe3 1-0

[Event "Wch Blitz (Women)"]
[Site "Samarkand"]
[Date "2023.12.30"]
[Round "15"]
[White "Naisanga Sheba Valentine"]
[Black "Karimova, Guldona"]
[Result "0-1"]
[WhiteElo "1303"]
[BlackElo "1914"]
[PlyCount "58"]
[EventDate "2023.12.29"]
[EventType "swiss (blitz)"]
[EventRounds "17"]
[EventCountry "UZB"]
[SourceTitle "CB01_2024"]
[SourceDate "2024.01.03"]
[SourceVersion "1"]
[SourceVersionDate "2024.01.03"]
[SourceQuality "1"]

1. d4 Nf6 2. c4 c5 3. d5 e6 4. Nc3 exd5 5. cxd5 d6 6. g3 g6 7. Bg2 Bg7 8. Nf3 0-0 9. 0-0 a6 10. Re1 Nbd7 11. e4 Re8 12. Qc2 b5 13. Nd2 Bb7 14. Rb1 Nb6 15. b3 Rc8 16. Qd1 c4 17. bxc4 Nxc4 18. Nxc4 Rxc4 19. Bb2 Qb6 20. Qd3 Rec8 21. h3 Nd7 22. Ne2 Ne5 23. Bxe5 Bxe5 24. Rbc1 Qa5 25. Rxc4 Qxe1+ 26. Kh2 bxc4 27. Qf3 c3 28. Nxc3 Rxc3 29. Qg4 Qxf2 0-1

[Event "Wch Blitz (Women)"]
[Site "Samarkand"]
[Date "2023.12.30"]
[Round "10"]
[White "Yan, Tianqi"]
[Black "Karimova, Guldona"]
[Result "1-0"]
[WhiteElo "2302"]
[BlackElo "1914"]
[PlyCount "77"]
[EventDate "2023.12.29"]
[EventType "swiss (blitz)"]
[EventRounds "17"]
[EventCountry "UZB"]
[SourceTitle "CB01_2024"]
[SourceDate "2024.01.03"]
[SourceVersion "1"]
[SourceVersionDate "2024.01.03"]
[SourceQuality "1"]

1. e4 c5 2. Nf3 e6 3. d4 cxd4 4. Nxd4 Nf6 5. Nc3 d6 6. g4 h6 7. h4 Be7 8. Be3 a6 9. Bg2 Qc7 10. g5 hxg5 11. hxg5 Rxh1+ 12. Bxh1 Nfd7 13. Qh5 Ne5 14. 0-0-0 Nbc6 15. f4 Nc4 16. Bg1 e5 17. Nd5 Qa5 18. Nxc6 bxc6 19. Nc3 Rb8 20. g6 f6 21. Qh8+ Bf8 22. Rd3 Rxb2 23. fxe5 fxe5 24. Rf3 Rb1+ 25. Kxb1 Qb4+ 26. Kc1 Qb2+ 27. Kd1 Bg4 28. Qxf8+ Kd7 29. Qxg7+ Kc8 30. Qg8+ Kb7 31. Qxc4 Qa1+ 32. Kd2 Bxf3 33. Bxf3 Qxg1 34. Qf7+ Kb6 35. g7 Qf2+ 36. Ne2 Qc5 37. g8Q Qb4+ 38. Nc3 Qd4+ 39. Ke2 1-0

[Event "Wch Rapid (Women)"]
[Site "Samarkand"]
[Date "2023.12.26"]
[Round "1"]
[White "Ubiennykh, Ekaterina"]
[Black "Karimova, Guldona"]
[Result "0-1"]
[WhiteElo "2257"]
[BlackElo "1914"]
[PlyCount "92"]
[EventDate "2023.12.26"]
[EventType "swiss (rapid)"]
[EventRounds "11"]
[EventCountry "UZB"]
[SourceTitle "CB01_2024"]
[SourceDate "2024.01.03"]
[SourceVersion "1"]
[SourceVersionDate "2024.01.03"]
[SourceQuality "1"]

1. d4 c6 2. c4 d6 3. Nf3 h6 4. Nc3 Nd7 5. g3 g5 6. Bg2 Bg7 7. b3 Nf8 8. Bb2 Ng6 9. Qd2 g4 10. Ng1 a6 11. Be4 f5 12. Bc2 b5 13. h3 gxh3 14. e4 e6 15. Nf3 Rb8 16. Qe2 N8e7 17. cxb5 axb5 18. Rxh3 Qa5 19. a4 b4 20. Nd1 Ba6 21. Bd3 fxe4 22. Bxa6 exf3 23. Qf1 Qd5 24. Qd3 Qf5 25. g4 Qxd3 26. Bxd3 Rf8 27. Be4 d5 28. Bxg6+ Nxg6 29. Kd2 Rf4 30. Rc1 Kd7 31. g5 hxg5 32. Rh7 Rg8 33. Ne3 Nf8 34. Rhh1 Bxd4 35. Bxd4 Rxd4+ 36. Kc2 g4 37. Rcg1 Re4 38. Rh4 Rxe3 39. fxe3 f2 40. Rd1 g3 41. Rf4 e5 42. Rf3 e4 43. Rf4 Ne6 44. Rf7+ Ke8 45. Rf5 Rf8 46. Rxf8+ Kxf8 0-1

[Event "Wch U10 Girls"]
[Site "Pocos de Caldas"]
[Date "2017.08.23"]
[Round "3"]
[White "Karimova, Guldona"]
[Black "Sahithi Varshini, M."]
[Result "1/2-1/2"]
[WhiteElo "1291"]
[BlackElo "1536"]
[PlyCount "138"]
[EventDate "2017.08.22"]
[EventType "swiss"]
[EventRounds "11"]
[EventCountry "BRA"]
[SourceTitle "CBM 180 Extra"]
[Source "ChessBase"]
[SourceDate "2017.10.06"]
[SourceVersion "1"]
[SourceVersionDate "2017.10.06"]
[SourceQuality "1"]

1. e4 c5 2. Nc3 d6 3. Nf3 Nf6 4. Bb5+ Bd7 5. Bxd7+ Nbxd7 6. 0-0 g6 7. Re1 Bg7 8. d3 0-0 9. Bf4 Nb6 10. e5 Nfd5 11. Bd2 dxe5 12. Nxe5 Nxc3 13. Bxc3 Nd5 14. Bd2 Qc7 15. Qe2 e6 16. c3 Rfd8 17. Rad1 b6 18. Bc1 Bxe5 19. Qxe5 Qxe5 20. Rxe5 Rd7 21. d4 Ne7 22. Re4 Nc6 23. Bg5 Kg7 24. Rd2 cxd4 25. cxd4 Rd5 26. Be3 Rad8 27. Rc2 Nxd4 28. Bxd4+ Rxd4 29. Rxd4 Rxd4 30. f3 Kf6 31. Kf2 Ke7 32. Ke3 Rd7 33. h3 h5 34. g3 e5 35. Ke4 Kd6 36. g4 hxg4 37. hxg4 f6 38. Rc3 Rc7 39. Rxc7 Kxc7 40. g5 Kd6 41. gxf6 Ke6 42. f7 Kxf7 43. Kxe5 Ke7 44. b3 a6 45. a3 Kf7 46. Kd6 Kf6 47. Kc6 b5 48. Kb6 Kf5 49. Kxa6 Kf4 50. Kxb5 Kxf3 51. Ka6 g5 52. b4 g4 53. b5 g3 54. b6 g2 55. b7 g1Q 56. b8Q Qg6+ 57. Ka5 Qg5+ 58. Qb5 Qd8+ 59. Kb4 Qd4+ 60. Qc4 Qb6+ 61. Kc3 Qa5+ 62. Kb3 Qb6+ 63. Ka2 Qf2+ 64. Kb1 Qb6+ 65. Qb4 Qxb4+ 66. axb4 Ke4 67. Kb2 Kd5 68. Kb3 Kc6 69. Ka4 Kb6 1/2-1/2